Cargando...
Sociology of environment
| Autor Principal: | |
|---|---|
| Formato: | Printed Book |
| Idioma: | English |
| Publicado: |
New Delhi
Rawat publications
1998
|
| LEADER | 00415nam a22001217a 4500 | ||
|---|---|---|---|
| 008 | 140102b xxu||||| |||| 00| 0 eng d | ||
| 020 | |a 8170334497 | ||
| 050 | |a 304.2 | ||
| 100 | |a Pawar S N | ||
| 245 | |a Sociology of environment |c R B Patil | ||
| 260 | |a New Delhi |b Rawat publications |c 1998 | ||
| 999 | |c 25714 |d 25714 | ||
| 952 | |0 0 |1 0 |4 0 |6 304_200000000000000_PAW |7 0 |9 28188 |a ES |b ES |d 2014-01-02 |l 0 |o 304.2 PAW |p ES664 |r 2014-01-02 |w 2014-01-02 |y BK | ||